[Event "Wch Seniors 50 32nd"]
[Site "Porto Santo"]
[Date "2024.11.24"]
[Round "7"]
[White "Paschall, William M"]
[Black "Dimitrijeski, Boris"]
[Result "1/2-1/2"]
[WhiteElo "2318"]
[BlackElo "2152"]
[PlyCount "45"]
[EventDate "2024.11.17"]
[EventType "swiss"]
[EventRounds "11"]
[EventCountry "POR"]
[SourceTitle "CB49_2024"]
[SourceDate "2024.12.04"]
[SourceVersion "1"]
[SourceVersionDate "2024.12.04"]
[SourceQuality "1"]

1. d4 d5 2. c4 c6 3. Nf3 Nf6 4. Nc3 e6 5. Bg5 dxc4 6. e4 b5 7. a4 Qb6 8. Be2 Nbd7 9. Qc2 Bb7 10. 0-0 h6 11. Be3 Ng4 12. Bd2 Be7 13. e5 h5 14. Ne4 c5 15. axb5 cxd4 16. Ba5 Qxb5 17. Bxc4 Qc6 18. Qb3 Qxe4 19. Rfe1 Qc6 20. Bb5 Qd5 21. Bc4 Qc6 22. Bb5 Qd5 23. Bc4 1/2-1/2

[Event "Wch Seniors 50 32nd"]
[Site "Porto Santo"]
[Date "2024.11.22"]
[Round "6"]
[White "Dimitrijeski, Boris"]
[Black "Lacasa Diaz, Jose Antonio"]
[Result "1/2-1/2"]
[WhiteElo "2152"]
[BlackElo "2339"]
[PlyCount "50"]
[EventDate "2024.11.17"]
[EventType "swiss"]
[EventRounds "11"]
[EventCountry "POR"]
[SourceTitle "CB49_2024"]
[SourceDate "2024.12.04"]
[SourceVersion "1"]
[SourceVersionDate "2024.12.04"]
[SourceQuality "1"]

1. d4 Nf6 2. c4 e6 3. Nc3 d5 4. cxd5 exd5 5. Bg5 Be6 6. e3 Nbd7 7. Bd3 c6 8. h3 Be7 9. Nf3 Nh5 10. Bxe7 Qxe7 11. Qc2 g6 12. 0-0-0 0-0-0 13. Kb1 Kb8 14. Rc1 Ng7 15. g4 h5 16. Rhg1 hxg4 17. hxg4 Rh3 18. Nd2 Rh4 19. Nb3 Qd6 20. f3 Rh2 21. Rg2 Rdh8 22. Rcg1 Rxg2 23. Rxg2 Rh1+ 24. Nc1 Rh3 25. Qf2 a6 1/2-1/2

[Event "Wch Seniors 50 32nd"]
[Site "Porto Santo"]
[Date "2024.11.17"]
[Round "1"]
[White "Georgiev, Kiril"]
[Black "Dimitrijeski, Boris"]
[Result "1-0"]
[WhiteElo "2553"]
[BlackElo "2152"]
[PlyCount "63"]
[EventDate "2024.11.17"]
[EventType "swiss"]
[EventRounds "11"]
[EventCountry "POR"]
[SourceTitle "CB49_2024"]
[SourceDate "2024.12.04"]
[SourceVersion "1"]
[SourceVersionDate "2024.12.04"]
[SourceQuality "1"]

1. Nf3 d5 2. d4 Nf6 3. g3 c5 4. Bg2 cxd4 5. 0-0 h6 6. Nxd4 e5 7. Nb3 Nc6 8. c4 Be6 9. cxd5 Nxd5 10. Bd2 Be7 11. Nc3 0-0 12. Rc1 Rc8 13. Nxd5 Bxd5 14. Bh3 f5 15. Be3 Kh8 16. Rc3 e4 17. Qc1 Qe8 18. Rd1 Qf7 19. Nd4 Nxd4 20. Bxd4 Rxc3 21. Qxc3 Bc6 22. b3 Qg6 23. Bxa7 f4 24. Qe5 Bg5 25. Rd6 Qh5 26. Bd4 Rg8 27. Rd8 Be8 28. Bg4 Qxg4 29. Rxe8 Bf6 30. Rxg8+ Kxg8 31. Qe8+ Kh7 32. Qxe4+ 1-0

[Event "Belgrade-chT Premier"]
[Site "Belgrade"]
[Date "2024.10.16"]
[Round "8.3"]
[White "Ivanov, Mikhail M"]
[Black "Dimitrijeski, Boris"]
[Result "1-0"]
[WhiteElo "2257"]
[BlackElo "2198"]
[PlyCount "73"]
[EventDate "2024.10.09"]
[EventType "team-tourn"]
[EventRounds "11"]
[EventCountry "SRB"]
[SourceTitle "CB44_2024"]
[Source "Chessbase"]
[SourceDate "2024.10.30"]
[SourceVersion "1"]
[SourceVersionDate "2024.10.30"]
[SourceQuality "1"]
[WhiteTeam "Belgrade Radnicki"]
[BlackTeam "Belgrade Zmaj II"]
[WhiteTeamCountry "SRB"]
[BlackTeamCountry "SRB"]

1. Nf3 d5 2. c4 c6 3. e3 Nf6 4. b3 e6 5. Bb2 Bd6 6. d4 Nbd7 7. Nbd2 0-0 8. Bd3 dxc4 9. bxc4 c5 10. 0-0 cxd4 11. exd4 b6 12. Qe2 Bb7 13. Ne5 Re8 14. f4 Qe7 15. Rad1 Nf8 16. Ndf3 N6d7 17. Be4 Nf6 18. Bc2 N6d7 19. Ba4 f6 20. Nxd7 Nxd7 21. Nd2 Rac8 22. Ne4 Bc6 23. Nxd6 Qxd6 24. Bb3 f5 25. Rd3 Be4 26. Re3 Nf6 27. h3 a6 28. Rg3 b5 29. d5 exd5 30. cxd5 Re7 31. Bxf6 Qxf6 32. d6+ Re6 33. Re1 Kh8 34. Bxe6 Qxe6 35. Qb2 Qd7 36. Qe5 Re8 37. Rxg7 1-0

[Event "Reykjavik op"]
[Site "Reykjavik"]
[Date "2024.03.20"]
[Round "8"]
[White "Dimitrijeski, Boris"]
[Black "Baldursson, Rani"]
[Result "1-0"]
[WhiteElo "2183"]
[BlackElo "1989"]
[PlyCount "55"]
[EventDate "2024.03.15"]
[EventType "swiss"]
[EventRounds "9"]
[EventCountry "ISL"]
[SourceTitle "CBM 219 Extra"]
[Source "ChessBase"]
[SourceDate "2024.05.31"]
[SourceVersion "1"]
[SourceVersionDate "2024.05.31"]
[SourceQuality "1"]

1. d4 Nf6 2. c4 c5 3. d5 b5 4. cxb5 a6 5. b6 Qxb6 6. Nc3 g6 7. Nf3 Bg7 8. e4 d6 9. a4 Nbd7 10. a5 Qc7 11. Be2 0-0 12. 0-0 Ng4 13. Nd2 Nh6 14. Nc4 Rb8 15. Bg5 f6 16. Bf4 f5 17. Qd2 Nf7 18. exf5 gxf5 19. Rfe1 Nfe5 20. Bh6 Bxh6 21. Qxh6 Rf6 22. Qg5+ Kh8 23. f4 Nxc4 24. Bxc4 Qd8 25. b3 Nf8 26. Re3 Ng6 27. h4 Rf7 28. Rg3 1-0

[Event "Reykjavik op"]
[Site "Reykjavik"]
[Date "2024.03.17"]
[Round "4"]
[White "Airlie, Arran"]
[Black "Dimitrijeski, Boris"]
[Result "0-1"]
[WhiteElo "1894"]
[BlackElo "2183"]
[PlyCount "137"]
[EventDate "2024.03.15"]
[EventType "swiss"]
[EventRounds "9"]
[EventCountry "ISL"]
[SourceTitle "CBM 219 Extra"]
[Source "ChessBase"]
[SourceDate "2024.05.31"]
[SourceVersion "1"]
[SourceVersionDate "2024.05.31"]
[SourceQuality "1"]

1. e4 e5 2. Nf3 Nc6 3. Bb5 a6 4. Ba4 Nf6 5. d3 d6 6. 0-0 b5 7. Bb3 Na5 8. c3 Nxb3 9. Qxb3 Be7 10. Nbd2 c5 11. Re1 0-0 12. Nf1 h6 13. Ng3 Re8 14. Nh4 Be6 15. Qd1 Nxe4 16. Nxe4 Bxh4 17. Qh5 f5 18. Nxd6 Bxf2+ 19. Kxf2 Qxd6 20. Kg1 Bd7 21. Be3 Rac8 22. Re2 Qf6 23. Rae1 Be6 24. Qf3 c4 25. d4 e4 26. Qf4 g5 27. Qd6 f4 28. d5 Rcd8 29. Qxa6 Rxd5 30. Bd4 Rxd4 31. cxd4 Qxd4+ 32. Kh1 e3 33. Qc6 Kf7 34. Qf3 Kg6 35. Qc6 Kf7 36. Qf3 Kg7 37. Rc2 Bf5 38. Qb7+ Kf8 39. Rcc1 Re5 40. Red1 Bd3 41. Qb8+ Kg7 42. b3 Qe4 43. bxc4 bxc4 44. Qc8 f3 45. Rxd3 cxd3 46. Rb1 d2 47. Rb7+ Re7 48. Qc3+ Kh7 49. Rxe7+ Qxe7 50. Qd3+ Kg7 51. Qd4+ Kg6 52. g4 e2 53. Qd3+ Kg7 54. Qd4+ Kf8 55. Qh8+ Kf7 56. Qh7+ Ke8 57. Qg8+ Kd7 58. Qd5+ Qd6 59. Qf7+ Kc6 60. Qc4+ Qc5 61. Qe6+ Kb5 62. Qe8+ Kb4 63. Qb8+ Qb5 64. Qf8+ Qc5 65. Qb8+ Kc3 66. Qb3+ Kd4 67. Qb2+ Ke3 68. Qb3+ Kf2 69. Qd1 0-1

[Event "Pozarevac Rudar 19th"]
[Site "Pozarevac"]
[Date "2023.11.22"]
[Round "9.2"]
[White "Dimitrijeski, Boris"]
[Black "Ilincic, Zlatko"]
[Result "1/2-1/2"]
[WhiteElo "2209"]
[BlackElo "2301"]
[PlyCount "24"]
[EventDate "2023.11.15"]
[EventType "tourn"]
[EventRounds "9"]
[EventCountry "SRB"]
[SourceTitle "CBM 217 Extra"]
[Source "ChessBase"]
[SourceDate "2024.01.31"]
[SourceVersion "1"]
[SourceVersionDate "2024.01.31"]
[SourceQuality "1"]
[WhiteTeam "Team D"]
[BlackTeam "Team A"]
[WhiteTeamCountry "SRB"]
[BlackTeamCountry "SRB"]

1. d4 d5 2. c4 c6 3. Nc3 Nf6 4. Nf3 e6 5. e3 Nbd7 6. Qc2 Bd6 7. Bd3 Qe7 8. 0-0 0-0 9. e4 dxe4 10. Nxe4 Nxe4 11. Bxe4 h6 12. Re1 Nf6 1/2-1/2

[Event "Pozarevac Rudar 19th"]
[Site "Pozarevac"]
[Date "2023.11.21"]
[Round "8.1"]
[White "Jocev, Milan"]
[Black "Dimitrijeski, Boris"]
[Result "1-0"]
[WhiteElo "2338"]
[BlackElo "2209"]
[PlyCount "129"]
[EventDate "2023.11.15"]
[EventType "tourn"]
[EventRounds "9"]
[EventCountry "SRB"]
[SourceTitle "CBM 217 Extra"]
[Source "ChessBase"]
[SourceDate "2024.01.31"]
[SourceVersion "1"]
[SourceVersionDate "2024.01.31"]
[SourceQuality "1"]
[WhiteTeam "Team B"]
[BlackTeam "Team D"]
[WhiteTeamCountry "SRB"]
[BlackTeamCountry "SRB"]

1. d4 d5 2. c4 c6 3. Nf3 Nf6 4. e3 Bf5 5. Nc3 e6 6. Nh4 Bg6 7. Qb3 Qc7 8. Nxg6 hxg6 9. g3 Nbd7 10. Bg2 Be7 11. 0-0 0-0 12. Bd2 Nb6 13. cxd5 exd5 14. Qc2 Rad8 15. a4 Nc4 16. Bc1 Qc8 17. b3 Nd6 18. a5 Rfe8 19. Bd2 g5 20. Rfc1 a6 21. Qd1 Qf5 22. h3 Nde4 23. Be1 Nxc3 24. Bxc3 Ne4 25. Be1 Bd6 26. g4 Qe6 27. f3 Nf6 28. Bf2 Nh7 29. Qd3 Nf8 30. Re1 Ng6 31. Ra2 Nh4 32. Ree2 Nxg2 33. Kxg2 Bc7 34. Re1 g6 35. Rh1 Kg7 36. b4 f5 37. gxf5 gxf5 38. Kf1 Rh8 39. Ke2 Kf7 40. Raa1 Ke7 41. Rag1 Rdg8 42. Kd2 Bd6 43. Kc3 Kd7 44. h4 g4 45. fxg4 fxg4 46. Bg3 Rh5 47. Qe2 Bxg3 48. Rxg3 Qe4 49. Qg2 Qxg2 50. Rxg2 Ke6 51. Kd3 Kf5 52. Ke2 Ke6 53. Rg3 Rg6 54. Rh2 Rg7 55. Kf1 Kd6 56. Rgg2 Rf7+ 57. Ke2 Rg7 58. Rh1 Ke6 59. Kf1 Kf5 60. Rf2+ Ke6 61. Kg2 Rf5 62. Rhf1 Rh5 63. Kg3 Kd6 64. Rf7 Rhh7 65. R1f6# 1-0

[Event "Pozarevac Rudar 19th"]
[Site "Pozarevac"]
[Date "2023.11.18"]
[Round "4.1"]
[White "Bryakin, Mikhail"]
[Black "Dimitrijeski, Boris"]
[Result "1-0"]
[WhiteElo "2478"]
[BlackElo "2209"]
[PlyCount "67"]
[EventDate "2023.11.15"]
[EventType "tourn"]
[EventRounds "9"]
[EventCountry "SRB"]
[SourceTitle "CBM 217 Extra"]
[Source "ChessBase"]
[SourceDate "2024.01.31"]
[SourceVersion "1"]
[SourceVersionDate "2024.01.31"]
[SourceQuality "1"]
[WhiteTeam "Team A"]
[BlackTeam "Team D"]
[WhiteTeamCountry "SRB"]
[BlackTeamCountry "SRB"]

1. d4 d5 2. c4 e6 3. Nf3 Nf6 4. g3 Be7 5. Bg2 0-0 6. 0-0 dxc4 7. Qc2 b5 8. a4 b4 9. Nbd2 Bb7 10. Nxc4 c5 11. Rd1 Be4 12. Qb3 Nbd7 13. Nfe5 Bxg2 14. Kxg2 Rc8 15. Be3 Qc7 16. Rac1 cxd4 17. Nxd7 Qxd7 18. Bxd4 Qb7+ 19. Qf3 Qa6 20. b3 Rfd8 21. Bxf6 Bxf6 22. e3 Bc3 23. Rxd8+ Rxd8 24. Rd1 Qc8 25. Rd6 g6 26. Kf1 h5 27. Rxd8+ Qxd8 28. Ke2 Qd7 29. Qf4 Kg7 30. Qd6 Qb7 31. f3 Qc8 32. Qe7 Qa6 33. Kf2 Bf6 34. Qd7 1-0

[Event "Ecka Rain Band 1st"]
[Site "Ecka"]
[Date "2023.06.18"]
[Round "6.3"]
[White "Dimitrijeski, Boris"]
[Black "Besedes, Danilo"]
[Result "0-1"]
[WhiteElo "2198"]
[BlackElo "2274"]
[PlyCount "68"]
[EventDate "2023.06.13"]
[EventType "schev"]
[EventRounds "9"]
[EventCountry "SRB"]
[SourceTitle "CBM 214 Extra"]
[Source "ChessBase"]
[SourceDate "2023.07.31"]
[SourceVersion "1"]
[SourceVersionDate "2023.07.31"]
[SourceQuality "1"]
[WhiteTeam "Team D"]
[BlackTeam "Team C"]
[WhiteTeamCountry "SRB"]
[BlackTeamCountry "SRB"]

1. d4 Nf6 2. c4 d6 3. Nf3 Nbd7 4. Nc3 e5 5. e4 Be7 6. Be2 0-0 7. 0-0 c6 8. Qc2 Qc7 9. Rb1 a5 10. b3 Re8 11. a3 Nf8 12. h3 Ng6 13. Rd1 Be6 14. Be3 Nh5 15. Nxe5 dxe5 16. Bxh5 exd4 17. Bxd4 Bxa3 18. Na4 Nf4 19. Bf3 Qe7 20. Qd2 Qg5 21. Be3 Nxh3+ 22. Kf1 Qf6 23. Bd4 Qg6 24. gxh3 Bxh3+ 25. Ke2 Bg4 26. Bxg4 Qxe4+ 27. Be3 Qxg4+ 28. Kf1 Qh3+ 29. Ke2 Qh5+ 30. Kf1 Re4 31. b4 Rae8 32. Qd7 Bxb4 33. Rb3 f5 34. Rd4 R4e7 0-1

[Event "Ecka Rain Band 1st"]
[Site "Ecka"]
[Date "2023.06.16"]
[Round "4.2"]
[White "Korelskiy, Egor"]
[Black "Dimitrijeski, Boris"]
[Result "1/2-1/2"]
[WhiteElo "2096"]
[BlackElo "2198"]
[PlyCount "158"]
[EventDate "2023.06.13"]
[EventType "schev"]
[EventRounds "9"]
[EventCountry "SRB"]
[SourceTitle "CBM 214 Extra"]
[Source "ChessBase"]
[SourceDate "2023.07.31"]
[SourceVersion "1"]
[SourceVersionDate "2023.07.31"]
[SourceQuality "1"]
[WhiteTeam "Team A"]
[BlackTeam "Team D"]
[WhiteTeamCountry "SRB"]
[BlackTeamCountry "SRB"]

1. e4 e5 2. Nf3 Nc6 3. Bb5 a6 4. Ba4 Nf6 5. 0-0 Nxe4 6. d4 b5 7. Bb3 d5 8. dxe5 Be6 9. c3 Be7 10. Be3 0-0 11. h3 Qd7 12. Nbd2 Nxd2 13. Qxd2 Na5 14. Qe2 Nc4 15. Rad1 c5 16. Bg5 Rad8 17. Bxe7 Qxe7 18. Bc2 Nxb2 19. Bxh7+ Kxh7 20. Qxb2 Kg8 21. Qa3 Qa7 22. Qc1 Qe7 23. Qf4 Rfe8 24. Rfe1 g6 25. Qh6 Qf8 26. Qh4 Qg7 27. Ng5 Rb8 28. f4 b4 29. c4 dxc4 30. Ne4 b3 31. Nf6+ Kf8 32. Qf2 Rbc8 33. f5 Bxf5 34. Qd2 Qh8 35. Qd6+ Kg7 36. Nxe8+ Qxe8 37. Qf6+ Kg8 38. axb3 cxb3 39. e6 b2 40. exf7+ Qxf7 41. Qxb2 c4 42. Qb6 Qc7 43. Qxa6 c3 44. Rc1 c2 45. Qf6 Qf4 46. Rxc2 Rf8 47. Qc3 Bxc2 48. Qxc2 Qf5 49. Qe2 Qc5+ 50. Kh1 Qf5 51. Qe7 Rf7 52. Qd6 Kg7 53. Rd1 Qf4 54. Qd3 Qf5 55. Qc4 Qf4 56. Qe2 Qf2 57. Qe5+ Qf6 58. Qe8 Qf4 59. Re1 Qf6 60. Qe4 Qf5 61. Qd4+ Qf6 62. Qd1 Qf4 63. Kg1 Qf2+ 64. Kh1 Qf4 65. Qd3 Qf5 66. Qc3+ Qf6 67. Qc1 Qf4 68. Qd1 Qf5 69. Qd2 Qf4 70. Qc3+ Qf6 71. Qc4 Qf4 72. Qc5 Qf5 73. Qc6 Qf6 74. Qd5 Qf5 75. Qa8 Qf4 76. Qa5 Qf5 77. Qb4 Qf4 78. Qa3 Qf5 79. Qc3+ Qf6 1/2-1/2

[Event "Belgrade Radnicki IM 03"]
[Site "Belgrade"]
[Date "2023.04.01"]
[Round "9"]
[White "Phatak, Aanjaneya"]
[Black "Dimitrijeski, Boris"]
[Result "0-1"]
[WhiteElo "1981"]
[BlackElo "2208"]
[PlyCount "68"]
[EventDate "2023.03.24"]
[EventType "tourn"]
[EventRounds "9"]
[EventCountry "SRB"]
[SourceTitle "CBM 213 Extra"]
[Source "ChessBase"]
[SourceDate "2023.05.31"]
[SourceVersion "1"]
[SourceVersionDate "2023.05.31"]
[SourceQuality "1"]

1. e4 e5 2. Nf3 Nc6 3. Bb5 a6 4. Ba4 Nf6 5. 0-0 Be7 6. Re1 b5 7. Bb3 0-0 8. a4 Na5 9. axb5 Nxb3 10. cxb3 Bb7 11. Nc3 axb5 12. Rxa8 Bxa8 13. Nxb5 d5 14. exd5 e4 15. Qe2 Bc5 16. Ng5 Qxd5 17. Nh3 Bb6 18. Qc4 Qd7 19. Nc3 h6 20. Na4 Bd4 21. Nc5 Qd6 22. b4 Ng4 23. g3 Ne5 24. Qc2 Nf3+ 25. Kf1 Nxe1 26. Kxe1 Re8 27. Nf4 Qf6 28. Nd7 Qf5 29. Qxc7 g5 30. Qd6 Be5 31. Nxe5 Qxe5 32. Qd7 gxf4 33. gxf4 Qe6 34. Qd4 Rc8 0-1

[Event "Belgrade Radnicki IM 10"]
[Site "Belgrade"]
[Date "2022.10.19"]
[Round "8"]
[White "Dimitrijeski, Boris"]
[Black "Akbas, Umut Ata"]
[Result "0-1"]
[WhiteElo "2243"]
[BlackElo "2292"]
[PlyCount "45"]
[EventDate "2022.10.13"]
[EventType "tourn"]
[EventRounds "9"]
[EventCountry "SRB"]
[SourceTitle "CBM 210 Extra"]
[Source "ChessBase"]
[SourceDate "2022.11.30"]
[SourceVersion "1"]
[SourceVersionDate "2022.11.30"]
[SourceQuality "1"]

1. d4 Nf6 2. c4 e6 3. Nc3 Bb4 4. Qc2 d5 5. cxd5 exd5 6. Bg5 h6 7. Bh4 Nc6 8. e3 g5 9. Bg3 h5 10. Bb5 h4 11. Be5 0-0 12. Bxc6 bxc6 13. g3 Nd7 14. 0-0-0 Nxe5 15. dxe5 Qe7 16. f4 Bc5 17. Qd3 f6 18. Nf3 Qh7 19. e4 g4 20. Nd4 fxe5 21. Nxc6 Be6 22. Nxd5 exf4 23. Rhe1 0-1

[Event "Belgrade Radnicki IM 10"]
[Site "Belgrade"]
[Date "2022.10.16"]
[Round "5"]
[White "Dimitrijeski, Boris"]
[Black "Cetkovic, Miodrag"]
[Result "1/2-1/2"]
[WhiteElo "2243"]
[BlackElo "2119"]
[PlyCount "99"]
[EventDate "2022.10.13"]
[EventType "tourn"]
[EventRounds "9"]
[EventCountry "SRB"]
[SourceTitle "CBM 210 Extra"]
[Source "ChessBase"]
[SourceDate "2022.11.30"]
[SourceVersion "1"]
[SourceVersionDate "2022.11.30"]
[SourceQuality "1"]

1. d4 Nf6 2. c4 g6 3. Nc3 Bg7 4. e4 d6 5. Be2 0-0 6. Nf3 e5 7. d5 a5 8. Bg5 Na6 9. Nd2 h6 10. Be3 Nc5 11. a3 Ne8 12. b4 axb4 13. axb4 Rxa1 14. Qxa1 Nd7 15. f3 f5 16. 0-0 c5 17. dxc6 bxc6 18. c5 dxc5 19. bxc5 Ndf6 20. Rd1 Qc7 21. Bc4+ Kh7 22. Qa4 fxe4 23. Ndxe4 Nh5 24. Qb4 Nf4 25. Qb6 Be6 26. Ba6 Nd5 27. Nxd5 Bxd5 28. Nc3 Qf7 29. Bd3 Nf6 30. Ra1 Re8 31. Ne4 Re7 32. Qb1 Nxe4 33. Bxe4 Bxe4 34. Qxe4 Rc7 35. Rd1 Rd7 36. Rd6 Rxd6 37. cxd6 Qd7 38. Bc5 Bf6 39. g4 Kg7 40. Kg2 Kf7 41. Kg3 Qb7 42. Qc4+ Kg7 43. Qe6 Qb1 44. Bf2 Qc2 45. Be3 Qc3 46. Qd7+ Kg8 47. Qe8+ Kg7 48. Qd7+ Kg8 49. Qe6+ Kg7 50. Qd7+ 1/2-1/2

[Event "Belgrade Radnicki IM 10"]
[Site "Belgrade"]
[Date "2022.10.15"]
[Round "4"]
[White "Petrovic, Aleksa"]
[Black "Dimitrijeski, Boris"]
[Result "1/2-1/2"]
[WhiteElo "2237"]
[BlackElo "2243"]
[PlyCount "93"]
[EventDate "2022.10.13"]
[EventType "tourn"]
[EventRounds "9"]
[EventCountry "SRB"]
[SourceTitle "CBM 210 Extra"]
[Source "ChessBase"]
[SourceDate "2022.11.30"]
[SourceVersion "1"]
[SourceVersionDate "2022.11.30"]
[SourceQuality "1"]

1. Nf3 d5 2. g3 g6 3. Bg2 Bg7 4. 0-0 e5 5. d3 Nc6 6. Nbd2 Nge7 7. e4 0-0 8. c3 a5 9. a4 h6 10. exd5 Nxd5 11. Re1 Nb6 12. Ne4 Re8 13. Qc2 Kh8 14. b3 f5 15. Ned2 Be6 16. Bb2 Qd7 17. Rad1 Rad8 18. Nc4 Nxc4 19. bxc4 Bf7 20. Nd2 g5 21. Nf1 Bh5 22. Rd2 Ne7 23. Ba3 c6 24. d4 e4 25. h3 Bf7 26. Qb3 Rb8 27. f3 b5 28. fxe4 Bxc4 29. Qc2 fxe4 30. axb5 cxb5 31. Rxe4 Nd5 32. Rxe8+ Rxe8 33. Rf2 b4 34. cxb4 Bxf1 35. Bxf1 axb4 36. Bb2 Re1 37. Kh2 Ne3 38. Qd3 Qd5 39. Bg2 Nxg2 40. Rxg2 Re4 41. Qf3 Re5 42. Qxd5 Rxd5 43. Rd2 Rf5 44. Kg2 Kg8 45. d5 Bxb2 46. Rxb2 Rxd5 47. Rxb4 1/2-1/2

[Event "Belgrade Radnicki IM 10"]
[Site "Belgrade"]
[Date "2022.10.14"]
[Round "2"]
[White "Joshua, AP."]
[Black "Dimitrijeski, Boris"]
[Result "1-0"]
[WhiteElo "2236"]
[BlackElo "2243"]
[PlyCount "67"]
[EventDate "2022.10.13"]
[EventType "tourn"]
[EventRounds "9"]
[EventCountry "SRB"]
[SourceTitle "CBM 210 Extra"]
[Source "ChessBase"]
[SourceDate "2022.11.30"]
[SourceVersion "1"]
[SourceVersionDate "2022.11.30"]
[SourceQuality "1"]

1. d4 d5 2. c4 c6 3. Nf3 Nf6 4. g3 Bf5 5. Bg2 e6 6. Nh4 Be4 7. f3 Bxb1 8. Rxb1 Qa5+ 9. Bd2 Bb4 10. f4 dxc4 11. Bxb4 Qxb4+ 12. Qd2 Na6 13. Rc1 Rd8 14. e3 Nd5 15. Ke2 Qxd2+ 16. Kxd2 b5 17. a4 Nab4 18. axb5 cxb5 19. Ra1 Nc6 20. Ra6 Rc8 21. Bxd5 exd5 22. Nf5 Kd7 23. Nxg7 Rc7 24. Nh5 b4 25. f5 c3+ 26. bxc3 bxc3+ 27. Ke2 Nb4 28. Ra4 Rb8 29. Nf6+ Kd6 30. Rc1 Nc6 31. Ra6 Rb2+ 32. Kd3 Rd2+ 33. Kxc3 Rxh2 34. Ne8+ 1-0

[Event "Belgrade Radnicki IM 10"]
[Site "Belgrade"]
[Date "2022.10.13"]
[Round "1"]
[White "Dimitrijeski, Boris"]
[Black "Saypuri, Srithan"]
[Result "1-0"]
[WhiteElo "2243"]
[BlackElo "2172"]
[PlyCount "69"]
[EventDate "2022.10.13"]
[EventType "tourn"]
[EventRounds "9"]
[EventCountry "SRB"]
[SourceTitle "CBM 210 Extra"]
[Source "ChessBase"]
[SourceDate "2022.11.30"]
[SourceVersion "1"]
[SourceVersionDate "2022.11.30"]
[SourceQuality "1"]

1. d4 Nf6 2. c4 e6 3. Nc3 d5 4. cxd5 exd5 5. Bg5 Bb4 6. e3 h6 7. Bh4 0-0 8. Bd3 g5 9. Bg3 Qe7 10. h4 g4 11. Nge2 Bd6 12. Qd2 Re8 13. 0-0-0 c6 14. Bxd6 Qxd6 15. Ng3 Na6 16. e4 Nxe4 17. Ncxe4 dxe4 18. Nxe4 Qg6 19. h5 Qg7 20. Qf4 Rd8 21. Bc4 Nb4 22. Rhe1 Nd5 23. Bxd5 cxd5 24. Nf6+ Kh8 25. Re5 Be6 26. Rd3 Rac8+ 27. Kb1 Rc6 28. Rg3 Bc8 29. Nxg4 Qh7+ 30. Ka1 Bxg4 31. Rxg4 Rdc8 32. Re1 Qc2 33. a3 Rb6 34. Rb1 f5 35. Qe5+ 1-0

[Event "Djenovici TS03 IM"]
[Site "Djenovici"]
[Date "2022.03.25"]
[Round "7"]
[White "Dimitrijeski, Boris"]
[Black "Radlovacki, Jovan"]
[Result "0-1"]
[WhiteElo "2205"]
[BlackElo "2263"]
[PlyCount "110"]
[EventDate "2022.03.19"]
[EventType "tourn"]
[EventRounds "9"]
[EventCountry "MNE"]
[EventCategory "1"]
[SourceTitle "EXT 2023"]
[Source "ChessBase"]
[SourceDate "2022.10.05"]
[SourceVersion "1"]
[SourceVersionDate "2022.10.05"]
[SourceQuality "1"]

1. d4 d5 2. c4 e6 3. Nc3 a6 4. cxd5 exd5 5. Bf4 Nf6 6. e3 Bd6 7. Bxd6 Qxd6 8. Bd3 Be6 9. Nf3 Nbd7 10. 0-0 0-0 11. h3 c5 12. dxc5 Nxc5 13. Rc1 Rfd8 14. Bb1 Qb6 15. Qe2 Rac8 16. Nd4 Rc7 17. Rcd1 Rdc8 18. Rd2 Nce4 19. Nxe4 dxe4 20. b3 g6 21. Rfd1 Kg7 22. Rc2 Bd5 23. Rdc1 Rxc2 24. Rxc2 Re8 25. Rc1 h5 26. Qc2 Re7 27. Qc5 Qxc5 28. Rxc5 h4 29. b4 b6 30. Rc8 Bb7 31. Rc1 Nd5 32. a3 Rc7 33. Rxc7 Nxc7 34. Kf1 Kf6 35. Ba2 Bd5 36. Bxd5 Nxd5 37. Ke1 Nc3 38. Nc2 Ke5 39. Kd2 Na4 40. Nd4 Nb2 41. g3 hxg3 42. fxg3 Nc4+ 43. Ke2 Nxa3 44. h4 f5 45. Nc6+ Ke6 46. Nd4+ Kf6 47. Nc6 Nc4 48. Kf2 Ne5 49. Nb8 a5 50. bxa5 bxa5 51. Na6 a4 52. Ke2 Nd3 53. Nc7 a3 54. Nd5+ Kg7 55. Nc3 Nc1+ 0-1

[Event "Djenovici TS03 IM"]
[Site "Djenovici"]
[Date "2022.03.23"]
[Round "5"]
[White "Dimitrijeski, Boris"]
[Black "Ricken, Katharina"]
[Result "1/2-1/2"]
[WhiteElo "2205"]
[BlackElo "2127"]
[PlyCount "158"]
[EventDate "2022.03.19"]
[EventType "tourn"]
[EventRounds "9"]
[EventCountry "MNE"]
[EventCategory "1"]
[SourceTitle "EXT 2023"]
[Source "ChessBase"]
[SourceDate "2022.10.05"]
[SourceVersion "1"]
[SourceVersionDate "2022.10.05"]
[SourceQuality "1"]

1. d4 e6 2. c4 Bb4+ 3. Bd2 Qe7 4. Nf3 Nf6 5. g3 Bxd2+ 6. Qxd2 Nc6 7. a3 d5 8. Bg2 dxc4 9. Qc3 0-0 10. Nbd2 Nd5 11. Qxc4 Nb6 12. Qc3 Rd8 13. 0-0 Qd6 14. e3 Rb8 15. Rfd1 Bd7 16. Rac1 Be8 17. b4 a6 18. Ne4 Qe7 19. Nc5 Na7 20. Ne5 Nb5 21. Qb3 Nd6 22. h4 c6 23. Bf1 Nd5 24. e4 Nc7 25. Qf3 f6 26. Nc4 Nxc4 27. Bxc4 Bf7 28. e5 f5 29. a4 b6 30. Nxa6 Nxa6 31. Bxa6 Qxb4 32. Qxc6 Rxd4 33. Rxd4 Qxd4 34. Qd6 Qxd6 35. exd6 Kf8 36. Bb5 e5 37. d7 Rd8 38. Rc6 Ke7 39. Rxb6 Be6 40. a5 Bxd7 41. Rb7 Kd6 42. Be2 Rc8 43. f3 Rc7 44. Rb6+ Rc6 45. Rb2 Bc8 46. Kf2 g6 47. Rd2+ Ke6 48. Bb5 Rc5 49. Rb2 Bd7 50. Bxd7+ Kxd7 51. Rb7+ Ke6 52. a6 Ra5 53. a7 h6 54. Ke3 Ra3+ 55. Kd2 Kf6 56. Kc2 g5 57. Kb2 Ra5 58. Kc3 gxh4 59. gxh4 Kg6 60. Kb4 Ra1 61. Kb5 Kh5 62. Rh7 e4 63. fxe4 fxe4 64. Re7 e3 65. Kb6 Kxh4 66. Re4+ Kg5 67. Rxe3 Rb1+ 68. Kc6 Ra1 69. Kb7 Rb1+ 70. Kc8 Ra1 71. Re7 h5 72. Kb8 h4 73. a8Q Rxa8+ 74. Kxa8 h3 75. Kb7 Kg4 76. Kc6 h2 77. Rh7 Kg3 78. Kd5 Kg2 79. Rxh2+ Kxh2 1/2-1/2

[Event "Oberliga Nord O 2122"]
[Site "Germany"]
[Date "2021.10.31"]
[Round "1.3"]
[White "Dimitrijeski, Boris"]
[Black "Horn, Sven"]
[Result "1/2-1/2"]
[WhiteElo "2195"]
[BlackElo "2065"]
[PlyCount "77"]
[EventDate "2021.10.31"]
[EventType "team-tourn"]
[EventRounds "9"]
[EventCountry "GER"]
[SourceTitle "EXT 2023"]
[Source "ChessBase"]
[SourceDate "2022.10.05"]
[SourceVersion "1"]
[SourceVersionDate "2022.10.05"]
[SourceQuality "1"]
[WhiteTeam "Koenig Tegel II"]
[BlackTeam "Oberschoeneweide"]
[WhiteTeamCountry "GER"]
[BlackTeamCountry "GER"]

1. d4 Nf6 2. c4 e6 3. Nf3 Bb4+ 4. Bd2 Be7 5. Nc3 d5 6. Bf4 0-0 7. e3 b6 8. Bd3 dxc4 9. Bxc4 Bb7 10. 0-0 Nh5 11. Qe2 Nxf4 12. exf4 Bd6 13. g3 Nd7 14. Rfd1 Nf6 15. Rac1 a6 16. Ne5 Qe7 17. a3 b5 18. Bd3 c5 19. dxc5 Bxc5 20. Ne4 Nxe4 21. Bxe4 Bxe4 22. Qxe4 Qa7 23. Rd7 Bxf2+ 24. Kg2 Qe3 25. Qxe3 Bxe3 26. Rcc7 Rad8 27. Re7 Bb6 28. Rb7 Bc5 29. Red7 h6 30. Kf3 Rxd7 31. Rxd7 f6 32. Nd3 Rc8 33. h4 Bf8 34. h5 Rc6 35. Ra7 Rd6 36. Ke4 Rc6 37. Kf3 Rd6 38. Ke4 Rc6 39. Kf3 1/2-1/2